Optimalizácie dane z príjmov odpočtom daňovej straty

S blížiacim sa koncom roka podnikatelia, bez rozdielu či ide o podnikajúce fyzické osoby alebo právnické osoby stále častejšie uvažujú o výške dane z príjmov, ktorú budú musieť za rok 2017 zaplatiť. Snahou každého podnikateľa je dosiahnuť, pri dodržaní platnej legislatívy, čo najnižšiu daň z príjmov...

Ausführliche Beschreibung

Gespeichert in:
Bibliographische Detailangaben
1. Verfasser: Strählová, Jarmila
Format: Buchkapitel
Sprache:Slowakisch
Schlagworte:
Tags: Tag hinzufügen
Keine Tags, Fügen Sie das erste Tag hinzu!

MARC

LEADER 00000naa a2200000 4500
001 0237514
005 20221104110840.1
041 0 |a slo 
044 |a SK 
245 1 0 |a Optimalizácie dane z príjmov odpočtom daňovej straty  |c Jarmila Strählová 
520 |a S blížiacim sa koncom roka podnikatelia, bez rozdielu či ide o podnikajúce fyzické osoby alebo právnické osoby stále častejšie uvažujú o výške dane z príjmov, ktorú budú musieť za rok 2017 zaplatiť. Snahou každého podnikateľa je dosiahnuť, pri dodržaní platnej legislatívy, čo najnižšiu daň z príjmov. Ilustračné príklady. 
610 2 0 |a podnikatelia 
610 2 0 |a optimalizácia daňová 
610 2 0 |a strata daňová 
610 2 0 |a odpočet dane 
610 2 0 |a odpočet straty 
610 2 0 |a dane z príjmov 
100 1 |a Strählová, Jarmila